ramesse ii : /

محفوظ في:

المؤلف الرئيسي: bresciani, edda

التنسيق: كتاب

اللغة: Undetermined

منشور في: firenze : giunti, 2012.

سلاسل: storia pocket

الوسوم: إضافة وسم

لا توجد وسوم, كن أول من يضع وسما على هذه التسجيلة!

رقم الطلب: DT88 .B73

LEADER 00516nam a2200157Ia 4500
008 220401s9999||||xx |||||||||||||| ||und||
020 |a 9788809763227 
050 4 |a DT88 .B73 
100 1 |a bresciani, edda 
245 1 0 |a ramesse ii :  |b  /  |c edda bresciani. 
264 1 |a firenze :  |b giunti,  |c 2012. 
300 |a 127p. :  |b ill. ;  |c 18cm. 
490 0 |a storia pocket 
942 |2 lcc  |c BK 
952 |0 0  |1 0  |2 lcc  |4 0  |6 DT0088 B73  |7 1  |9 39617  |a ARCE  |b ARCE  |d 2022-04-01  |l 0  |o DT88 .B73  |p 1006300  |r 2022-04-01 00:00:00  |w 2022-04-01  |y BK 
999 |c 47198  |d 47198